000 00474pab a2200169 454500
008 180718b2012 xxu||||| |||| 00| 0 eng d
100 _aDivakar, Suma
245 _aProblems of women micro entrepreneurs - Experiences of Palakkad Krishi Vigyan Kendra
260 _c2012
300 _ap.14-18.
362 _aJul-Sep
650 _aWomen in business
700 _aRajendran, P.
773 _aIndian Journal of Training and Development
908 _aN
909 _a102163
999 _c102161
_d102161